| 000 | 00347nam a2200133Ia 4500 | ||
|---|---|---|---|
| 008 | 240624s9999 xx 000 0 und d | ||
| 041 | _aeng | ||
| 082 | _a658.812 NEW | ||
| 100 | _aNEWELL FREDERICK | ||
| 245 | _aWHY CRM DOESN T WORK HOW TO WIN BY LETTI | ||
| 260 |
_c2004 _aNew Delhi _bKogan Page |
||
| 300 | _axvii, : 263. : 22 : cm. | ||
| 365 | _cRS | ||
| 999 |
_c2275 _d2275 |
||